000 00896nam a2200301Ia 4500
001 Z_6412
003 CHAP
008 220113s9999 xx 000 0 und d
010 _a169670
020 _a978-607-715-106-7
040 _cCHAP
082 _a584.9 G736
245 _aGramíneas introducidas : importancia e impacto en ecosistemas ganaderos /
_ceditor Adrián R. Quero Carrillo
260 _aMéxico :
_bColegio de Postgraduados,
_c
300 _avii, 167 p.
440 _aBiblioteca básica de agricultura
_912245
503 _aej.1: donación \ ej.2: donación
650 _aPastos
_x
_x Introduccion
_9144695
650 _aPastos
_x
_x Mexico
_9144696
650 _aPlantas forrajeras
_x
_x México
_9144697
700 _aQuero Carrillo, Adrián R., ed.
_9144698
901 _a584.9 G736
902 _aM
910 _a
942 _c1
942 _cc1
999 _c169670
_d169670